Geography Quiz

Random Geography or State Quiz

4 to 13 Letter 'W' Places Quiz Stats

 Plays Quiz Updated Jul 5, 2018

Challenge
Share
Tweet
Embed
Score 0/10 Timer 02:00
14 Plays Today
Clue 'W'-Place % Correct
The capital and largest city of PolandWarsaw
95.4%
Least populous US stateWyoming
91.5%
Home state of the Milwaukee Bucks of the NBAWisconsin
90.2%
State located in the Appalachian region of the United States (two words)West Virginia
89.4%
The world's southernmost capital cityWellington
75.7%
Constituent country of the United KingdomWales
71.2%
City in central Texas and site of infamous 1993 siegeWaco
55.9%
Inner London borough which occupies much of the central areaWestminster
48.3%
The capital and largest city of the province of Manitoba in CanadaWinnipeg
42.1%
Disputed territory in the Maghreb region of North Africa (two words)Western Sahara
40.1%

You're not logged in!

Compare scores with friends on all Sporcle quizzes.
Join for Free
OR
Log In

You Might Also Like...

Show Comments

Extras

Top Quizzes Today


Score Distribution

Your Account Isn't Verified!

In order to create a playlist on Sporcle, you need to verify the email address you used during registration. Go to your Sporcle Settings to finish the process.

Report this User

Report this user for behavior that violates our Community Guidelines.

Details: